Essentials of business law / (Record no. 613353)

000 -LEADER
fixed length control field 01906cam a22003618i 4500
001 - CONTROL NUMBER
control field 20229848
005 - DATE AND TIME OF LATEST TRANSACTION
control field 20250316192049.0
008 - FIXED-LENGTH DATA ELEMENTS--GENERAL INFORMATION
fixed length control field 171222s2018 enk 001 0 eng
010 ## - LIBRARY OF CONGRESS CONTROL NUMBER
LC control number 2017060646
020 ## - INTERNATIONAL STANDARD BOOK NUMBER
International Standard Book Number 9781292147215 (print)
020 ## - INTERNATIONAL STANDARD BOOK NUMBER
Canceled/invalid ISBN 9781292165363 (pdf)
020 ## - INTERNATIONAL STANDARD BOOK NUMBER
Canceled/invalid ISBN 9781292165370 (epub)
040 ## - CATALOGING SOURCE
Original cataloging agency DLC
Language of cataloging eng
Description conventions rda
Transcribing agency DLC
042 ## - AUTHENTICATION CODE
Authentication code pcc
043 ## - GEOGRAPHIC AREA CODE
Geographic area code e-uk-en
050 00 - LIBRARY OF CONGRESS CALL NUMBER
Classification number KD1629.6
Item number .M33 2018
082 00 - DEWEY DECIMAL CLASSIFICATION NUMBER
Classification number 346.4207
Edition number 23
100 1# - MAIN ENTRY--PERSONAL NAME
Personal name MacIntyre, Ewan,
Relator term author.
9 (RLIN) 90036
245 10 - TITLE STATEMENT
Title Essentials of business law /
Statement of responsibility, etc. Ewan MacIntyre, Senior Lecturer, Nottingham Law School, Nottingham Trent University.
250 ## - EDITION STATEMENT
Edition statement Sixth edition.
263 ## - PROJECTED PUBLICATION DATE
Projected publication date 1801
264 #1 - PRODUCTION, PUBLICATION, DISTRIBUTION, MANUFACTURE, AND COPYRIGHT NOTICE
Place of production, publication, distribution, manufacture Harlow, United Kingdom ;
-- New York :
Name of producer, publisher, distributor, manufacturer Pearson,
Date of production, publication, distribution, manufacture, or copyright notice 2018.
300 ## - PHYSICAL DESCRIPTION
Extent pages cm
336 ## - CONTENT TYPE
Content type term text
Content type code txt
Source rdacontent
337 ## - MEDIA TYPE
Media type term unmediated
Media type code n
Source rdamedia
338 ## - CARRIER TYPE
Carrier type term volume
Carrier type code nc
Source rdacarrier
500 ## - GENERAL NOTE
General note Includes index.
505 0# - FORMATTED CONTENTS NOTE
Formatted contents note The legal system -- Making a contract -- The terms of the contract -- Misrepresentation, mistake, duress and illegality -- Discharge of contracts and remedies for breach -- Agency -- The sale of goods act 1979 -- The tort of negligence -- Nuisance, trespass, defamation and vicarious liability -- Companies (1): characteristics and formation -- Companies (2): management, control and winding up -- Partnership, limited liability partnership and choice of legal status -- Employment (1): the contract of employment, employment rights and dismissal -- Employment (2): discrimination and health and safety -- Regulation of business by the criminal law -- Credit transactions and intellectual property rights -- The resolution of business disputes.
650 #0 - SUBJECT ADDED ENTRY--TOPICAL TERM
Topical term or geographic name entry element Commercial law
Geographic subdivision England.
9 (RLIN) 90037
906 ## - LOCAL DATA ELEMENT F, LDF (RLIN)
a 7
b cbc
c orignew
d 1
e ecip
f 20
g y-gencatlg
942 ## - ADDED ENTRY ELEMENTS (KOHA)
Source of classification or shelving scheme
Koha item type Book
Holdings
Withdrawn status Lost status Source of classification or shelving scheme Damaged status Not for loan Permanent Location Current Location Date acquired Total Checkouts Full call number Barcode Date last seen Price effective from Koha item type
          NUST Law School (NLS) NUST Law School (NLS) 03/16/2025   346.4207 MAC NLS-1428 03/16/2025 03/16/2025 Book
© 2023 Central Library, National University of Sciences and Technology. All Rights Reserved.